Más allá del sistema solar /
Las constelaciones, en la antigüedad y la actualidad. La evolución de la conquista espacial (satélites, naves, sondas y estaciones espaciales) destacando lo que revelaron sobre las estrellas y el universo.
Guardado en:
| Autor Principal: | |
|---|---|
| Autor Corporativo: | |
| Formato: | |
| Publicado: |
Argentina,
2011
|
| Series: | Horizontes. Ciencias Naturales
|
| Materias: | |
| Acceso en línea: | https://www.educ.ar/recursos/50716/mas-alla-del-sistema-solar |
| Etiquetas: |
Agregar Etiqueta
Sin Etiquetas, Sea el primero en etiquetar este registro!
|
| LEADER | 01141ngm a22003135g 4500 | ||
|---|---|---|---|
| 001 | CEM.cems023648 | ||
| 008 | 130507s2011##################0###0#####d | ||
| 005 | 20250618163857.0 | ||
| 245 | 1 | 0 | |a Más allá del sistema solar / |c Mariano Chiesa. |
| 260 | |a Argentina, |c 2011 | ||
| 300 | |a 26'. | ||
| 490 | 0 | |a Horizontes. Ciencias Naturales | |
| 520 | |a Las constelaciones, en la antigüedad y la actualidad. La evolución de la conquista espacial (satélites, naves, sondas y estaciones espaciales) destacando lo que revelaron sobre las estrellas y el universo. | ||
| 500 | |a Consultar en ventanilla. | ||
| 538 | |a Soporte: DVD - Color: Si - Grabación DRD. | ||
| 100 | 1 | |a Chiesa, Mariano | |
| 710 | 2 | |a Canal Encuentro. | |
| 082 | 5 | 0 | |/ CHI-2 |
| 653 | |a ASTRONOMIA | ||
| 653 | |a SISTEMA SOLAR | ||
| 653 | |a ESTRELLAS | ||
| 653 | |a UNIVERSOS | ||
| 653 | |a CONSTELACIONES | ||
| 653 | |a CONSTELACIONES | ||
| 653 | |a HISTORIA | ||
| 653 | |a GALAXIAS | ||
| 653 | |a SERIE DE TELEVISIÓN | ||
| 856 | |u https://www.educ.ar/recursos/50716/mas-alla-del-sistema-solar | ||
| 859 | |a CEMS |b BIB. CEMS - Depto. Recursos Didacticos |h 500 |i CHI-2 |k DRD |p 2291.15 |t Ej.1 | ||
